000
00327nam a22001457a 4500
003
SGT
020
_a
1-7619-0533-2
082
_a
150, P96A
100
_a
ADAMS, GERALD R.
245
_a
PSYCHOSOCIAL DEVELOPMENT DURING ADOLESCENCE
260
_a
LONDON
_b
SAGE
_c
1996
300
_a
322
650
_a
PSYCHOLOGY
942
_2
ddc
_c
BK
999
_c
8337
_d
8337